[Event "XI Paracin Festival 2018"]
[Site "Paracin"]
[Date "2018.07.11"]
[Round "7"]
[White "Cvetkovic, Nemanja"]
[Black "Djordjevic, Vuk"]
[Result "1-0"]
[WhiteElo "2278"]
[BlackElo "2403"]
[Annotator "NA"]
[PlyCount "67"]
[EventDate "2018.07.06"]
[EventType "swiss"]
[EventCountry "SRB"]
[SourceTitle "playchess.com"]
[Source "ChessBase"]
[SourceQuality "1"]
[TimeControl "5400+30"]

1. d4 {[%emt 0:00:00]} Nf6 {[%emt 0:00:00]} 2. c4 {[%emt 0:00:00]} e6 {[%emt 0:00:00]} 3. Nf3 {[%emt 0:00:00]} b6 {[%emt 0:00:00]} 4. g3 {[%emt 0:00:00]} Ba6 {[%emt 0:00:05]} 5. Qc2 {[%emt 0:00:03]} Bb7 {[%emt 0:00:11]} 6. Bg2 {[%emt 0:00:17]} c5 {[%emt 0:00:06]} 7. d5 {[%emt 0:00:24]} exd5 {[%emt 0:01:12]} 8. cxd5 {[%emt 0:00:09]} Nxd5 {[%emt 0:00:41]} 9. O-O {[%emt 0:00:40]} Be7 {[%emt 0:00:08]} 10. Qe4 {[%emt 0:00:15]} Bc6 {[%emt 0:05:19]} 11. Ne5 {[%emt 0:00:56]} Nf6 {[%emt 0:01:34]} 12. Nxc6 {[%emt 0:00:26]} Nxc6 {[%emt 0:00:39]} 13. Qa4 {[%emt 0:00:35]} O-O {[%emt 0:01:36]} 14. Rd1 {[%emt 0:11:42]} Nd4 {[%emt 0:07:22]} 15. Nc3 {[%emt 0:01:22]} b5 {[%emt 0:05:53]} 16. Qa6 {[%emt 0:00:51]} b4 {[%emt 0:05:19]} 17. Nd5 {[%emt 0:01:56]} Nxd5 {[%emt 0:11:01]} 18. Bxd5 {[%emt 0:02:13]} Rb8 {[%emt 0:06:07]} 19. Bf4 {[%emt 0:02:56]} Rb6 {[%emt 0:07:24]} 20. Qc4 {[%emt 0:00:39]} Qc8 {[%emt 0:02:13]} 21. Bxf7+ {[%emt 0:12:05]} Kh8 {[%emt 0:00:56]} 22. Rd2 {[%emt 0:04:36]} d5 {[%emt 0:22:39]} 23. Bxd5 {[%emt 0:03:48]} Rxf4 {[%emt 0:01:53]} 24. gxf4 {[%emt 0:00:33]} Qg4+ {[%emt 0:01:07]} 25. Bg2 {[%emt 0:14:14]} Qxf4 {[%emt 0:02:33]} 26. Qd3 {[%emt 0:08:42]} Rh6 {[%emt 0:11:44]} 27. Rad1 {[%emt 0:12:44]} Qxh2+ {[%emt 0:00:54]} 28. Kf1 {[%emt 0:00:01]} Rf6 {[%emt 0:00:43]} 29. Qe4 {[%emt 0:05:06]} Nf5 {[%emt 0:02:36]} 30. Rd8+ {[%emt 0:01:27]} Bf8 {[%emt 0:00:01]} 31. Rxf8+ {[%emt 0:01:53]} Rxf8 {[%emt 0:00:01]} 32. Qxf5 {[%emt 0:00:29]} Rxf5 {[%emt 0:01:34]} 33. Rd8+ {[%emt 0:00:10]} Rf8 {[%emt 0:00:01]} 34. Rxf8# 1-0

[Event "XI Paracin Festival 2018"]
[Site "Paracin"]
[Date "2018.07.11"]
[Round "7"]
[White "Popovic, Milan S"]
[Black "Lajthajm, Borko"]
[Result "1/2-1/2"]
[WhiteElo "2264"]
[BlackElo "2422"]
[Annotator "TA"]
[PlyCount "101"]
[EventDate "2018.07.06"]
[EventType "swiss"]
[EventCountry "SRB"]
[SourceTitle "playchess.com"]
[Source "ChessBase"]
[SourceQuality "1"]

{[%evp 9,101,33,33,21,35,0,9,19,18,-15,0,0,0,-18,0,-7,0,-13,20,-6,0,-8,41,-47,-27,-41,-35,-72,-61,-74,0,0,0,0,19,19,11,0,0,4,16,0,0,0,0,-8,0,0,9,0,5,7,12,14,61,21,10,11,34,14,49,9,9,9,24,16,22,23,32,32,32,16,16,16,30,16,16,16,16,16,16,0,16,16,27,27,18,0,81,0,6,0,81,0]} 1. e4 {[%cal Be2e4,Be4e5][%mdl 32]} c5 2. Nf3 a6 3. b3 Nf6 (3... d6 4. Bb2 Nf6 5. e5 dxe5 6. Nxe5 e6 7. g3 Qd5 8. Qf3 Nbd7 9. Bg2 Nxe5 10. Qxd5 Nxd5 11. Bxe5 f6 {1-0 (42) Vitiugov,N (2726)-Pantsulaia,L (2607) Doha 2016}) 4. e5 Nd5 5. Bb2 Nc6 {LiveBook: 7 Games} 6. Nc3 {B28: Sicilian: 2 Nf3 a6 (O'Kelly Variation)} Nxc3 7. Bxc3 d5 $146 ({Predecessor:} 7... e6 8. Bd3 Be7 9. Qe2 b6 10. Qe4 Bb7 11. Qg4 g6 12. h4 {0-1 (30) Ledger,D (2265)-Tissir,M (2466) Hinckley Island 2009}) 8. exd6 $1 {The position is equal.} Qxd6 9. g3 Bg4 {[%cal Bc8g4,Bg4h5,Bh5f7][%mdl 32] And now ...Qe6+ would win.} 10. Bg2 f6 11. h3 Bh5 12. O-O e5 13. d3 O-O-O 14. a3 Qc7 {Hoping for ...e4!} 15. Re1 g5 16. g4 (16. Qb1 $14) 16... Bf7 17. Nd2 h5 18. Ne4 Be7 19. b4 c4 (19... Qd7 $17) 20. Qf3 $11 hxg4 21. hxg4 Nd4 22. Bxd4 $1 Rxd4 23. dxc4 Bxc4 24. Rad1 Kb8 25. c3 Rd5 26. Rxd5 Bxd5 27. Rd1 $132 {[%mdl 2048] White is not keeping still} Rd8 28. Qe3 Qc6 29. Rd2 Rd7 30. Bf3 Qe6 31. Ng3 Bb3 32. Rxd7 (32. Nf5 $5 {[%cal Rf5g7]} Bf8 33. Rd3 $14) 32... Qxd7 33. Qe4 Bd8 34. Nf5 Ba4 35. Qd5 Qxd5 36. Bxd5 {[%mdl 4096] Endgame KBB-KBN} Bd1 37. f3 b5 38. Kf2 Bb6+ 39. Ke1 Bc2 40. Be4 Bb3 41. Kd2 Bd8 42. Kc1 Kc7 43. Kb2 Be6 44. Kc2 Kd7 45. Kb2 a5 46. Kc2 Bb6 47. Bd3 Kc6 48. Be4+ Kc7 {[#]} (48... Kd7 $11 {keeps the balance.}) 49. Bd3 (49. Ng7 $1 $16 {[%cal Rg7e6]} Bf7 50. Nh5) 49... Bd5 50. Be4 ({White should play} 50. Be2 $11) 50... Be6 $16 {[#]} 51. Bd3 {Precision: White = 46%, Black = 30%.} (51. Ng7 $1 $16 {[%cal Rg7e6]} Bf7 52. Nh5) 1/2-1/2

[Event "XI Paracin Festival 2018"]
[Site "Paracin"]
[Date "2018.07.11"]
[Round "7"]
[White "Jocev, Milan"]
[Black "Harsha Bharathakoti"]
[Result "1-0"]
[WhiteElo "2256"]
[BlackElo "2465"]
[Annotator "TA"]
[PlyCount "89"]
[EventDate "2018.07.06"]
[EventType "swiss"]
[EventCountry "SRB"]
[SourceTitle "playchess.com"]
[Source "ChessBase"]
[SourceQuality "1"]

{[%evp 21,89,17,49,18,54,40,65,46,90,96,90,97,93,87,87,83,86,86,86,76,85,77,83,83,90,86,90,86,90,88,90,77,85,73,103,73,73,65,65,66,74,61,79,65,200,203,217,192,420,414,338,389,670,670,670,639,678,681,670,670,670,670,679,487,670,662,871,655,613,602]} 1. e4 c5 2. Nf3 d6 3. Bb5+ Nd7 4. d4 cxd4 5. Qxd4 a6 6. Bxd7+ Bxd7 7. c4 {B51: Sicilian: Moscow Variation (3 Bb5+) without 3...Bd7} e5 (7... Nf6 8. Bg5 e6 9. Nc3 Be7 10. e5 dxe5 11. Nxe5 O-O 12. Nxd7 Nxd7 13. Bxe7 Qxe7 14. Rd1 Nf6 15. O-O Rac8 16. b3 Qb4 17. Ne4 Nxe4 {½-½ (17) Kovalev,V (2650)-Nepomniachtchi,I (2751) Poikovsky 2018}) 8. Qd3 Rc8 9. Nc3 h6 10. O-O Nf6 11. b3 Be7 {LiveBook: 4 Games} 12. Rd1 O-O 13. a4 Qb6 14. Ba3 $146 ({Predecessor:} 14. a5 Qd8 {½-½ (51) Velicka,P (2435)-Sulypa,A (2505) La Pobla de Lillet 2002}) 14... Bg4 15. h3 Bxf3 16. Qxf3 Rfe8 17. Nd5 Nxd5 18. Rxd5 Rc6 19. Rad1 Bf8 20. R1d3 Re6 21. Qe3 Qxe3 22. Rxe3 g6 23. Kf1 Be7 24. Ke2 Kf8 25. Rf3 h5 26. Kd3 Bd8 27. b4 Ke7 28. Kc3 Bb6 29. a5 Bd4+ 30. Kb3 Rc8 31. b5 Rc7 32. Rd3 Kd7 {[#]} ({Better is} 32... Rc8 $14) 33. f4 $1 $18 {[%mdl 512]} axb5 (33... exf4 34. R3xd4) 34. cxb5 f5 $2 {[#]} (34... h4 {keeps fighting.} 35. fxe5 Bxe5) 35. fxe5 $1 Bxe5 {[#]} 36. Bxd6 $1 {[%mdl 512]} Rxd6 $2 (36... Bxd6 37. e5 Kc8) 37. Rxd6+ {White is clearly winning.} Bxd6 {[%mdl 4096] Endgame KRB-KR} 38. e5 $1 Rc5 39. Rxd6+ {KR-KR} Kc8 40. Kb4 Rxe5 {and the idea ...g5 leaves Black hopeful.} 41. Rxg6 f4 42. Rf6 Rg5 43. Rxf4 Rxg2 44. Rf5 h4 45. Rh5 {Precision: White = 73%, Black = 39%.} 1-0

[Event "XI Paracin Festival 2018"]
[Site "Paracin"]
[Date "2018.07.11"]
[Round "7"]
[White "Bratkovic, Jakob"]
[Black "Rahul Srivatshav P"]
[Result "0-1"]
[WhiteElo "2253"]
[BlackElo "2397"]
[Annotator "NA"]
[PlyCount "110"]
[EventDate "2018.07.06"]
[EventType "swiss"]
[EventCountry "SRB"]
[SourceTitle "playchess.com"]
[Source "ChessBase"]
[SourceQuality "1"]
[TimeControl "5400+30"]

1. e4 {[%emt 0:02:30]} c5 {[%emt 0:00:00]} 2. Nf3 {[%emt 0:00:11]} e6 {[%emt 0:00:00]} 3. d4 {[%emt 0:00:04]} cxd4 {[%emt 0:00:00]} 4. Nxd4 {[%emt 0:00:05]} Nc6 {[%emt 0:00:00]} 5. Nc3 {[%emt 0:00:06]} Qc7 {[%emt 0:00:12]} 6. Be3 {[%emt 0:00:07]} a6 {[%emt 0:00:04]} 7. Be2 {[%emt 0:00:04]} Nf6 {[%emt 0:00:09]} 8. O-O {[%emt 0:00:40]} Be7 {[%emt 0:00:10]} 9. f4 {[%emt 0:01:05]} d6 {[%emt 0:00:27]} 10. Qe1 {[%emt 0:00:28]} O-O {[%emt 0:00:15]} 11. Qg3 {[%emt 0:00:30]} Nxd4 {[%emt 0:01:22]} 12. Bxd4 {[%emt 0:00:08]} b5 {[%emt 0:00:05]} 13. a3 {[%emt 0:03:17]} Bb7 {[%emt 0:00:19]} 14. Kh1 {[%emt 0:02:03]} Rad8 {[%emt 0:00:43]} 15. Rae1 {[%emt 0:05:35]} Rfe8 {[%emt 0:00:46]} 16. Bd3 {[%emt 0:03:43]} Rd7 {[%emt 0:00:13]} 17. Ne2 {[%emt 0:07:18]} Qd8 {[%emt 0:02:04]} 18. Bc3 {[%emt 0:10:23]} Bf8 {[%emt 0:07:50]} 19. Ng1 {[%emt 0:06:06]} g6 {[%emt 0:07:12]} 20. Nf3 {[%emt 0:07:52]} Bg7 {[%emt 0:02:32]} 21. e5 {[%emt 0:04:42]} Nd5 {[%emt 0:01:27]} 22. Bd2 {[%emt 0:00:53]} Qb8 {[%emt 0:23:23]} 23. h4 {[%emt 0:09:51]} Ne7 {[%emt 0:08:23]} 24. h5 {[%emt 0:08:04]} Nf5 {[%emt 0:01:52]} 25. Qh2 {[%emt 0:04:24]} dxe5 {[%emt 0:10:00]} 26. hxg6 {[%emt 0:02:15]} fxg6 {[%emt 0:01:57]} 27. fxe5 {[%emt 0:00:45]} Bd5 {[%emt 0:02:13]} 28. Bf4 {[%emt 0:01:50]} Rf8 {[%emt 0:01:32]} 29. Nh4 {[%emt 0:02:10]} Nxh4 {[%emt 0:03:50]} 30. Qxh4 {[%emt 0:00:05]} Rdf7 {[%emt 0:01:20]} 31. Re3 {[%emt 0:01:56]} Qd8 {[%emt 0:02:16]} 32. Qxd8 {[%emt 0:04:17]} Rxd8 {[%emt 0:00:09]} 33. Bg3 {[%emt 0:00:11]} Rxf1+ {[%emt 0:01:25]} 34. Bxf1 {[%emt 0:00:01]} Bh6 {[%emt 0:02:37]} 35. Re1 {[%emt 0:01:08]} Rf8 {[%emt 0:01:10]} 36. Bd3 {[%emt 0:02:35]} Bd2 {[%emt 0:00:22]} 37. Ra1 {[%emt 0:02:08]} Bc6 {[%emt 0:02:19]} 38. Kh2 {[%emt 0:02:17]} Kg7 {[%emt 0:00:08]} 39. Rd1 {[%emt 0:00:42]} Be3 {[%emt 0:00:32]} 40. Be2 {[%emt 0:00:46]} Bd5 {[%emt 0:03:41]} 41. a4 {[%emt 0:03:05]} bxa4 {[%emt 0:01:25]} 42. Bxa6 {[%emt 0:00:52]} Rb8 {[%emt 0:01:38]} 43. c4 {[%emt 0:00:24]} Bc6 {[%emt 0:02:26]} 44. Rd6 {[%emt 0:00:27]} Rb6 {[%emt 0:00:39]} 45. Bc8 {[%emt 0:00:12]} Be4 {[%emt 0:00:06]} 46. Bxe6 {[%emt 0:02:46]} Rxb2 {[%emt 0:00:09]} 47. Rd7+ {[%emt 0:00:47]} Kh6 {[%emt 0:00:07]} 48. Bh3 {[%emt 0:00:22]} Rb1 {[%emt 0:00:32]} 49. Bg4 {[%emt 0:00:51]} Rb2 {[%emt 0:00:28]} 50. e6 {[%emt 0:00:53]} Kg5 {[%emt 0:03:05]} 51. Bh3 {[%emt 0:00:57]} Rb1 {[%emt 0:00:06]} 52. Bh4+ {[%emt 0:00:06]} Kxh4 {[%emt 0:00:21]} 53. Rxh7+ {[%emt 0:00:50]} Kg5 {[%emt 0:00:08]} 54. Rf7 {[%emt 0:00:03]} Bg1+ {[%emt 0:00:36]} 55. Kg3 {[%emt 0:00:03]} Rb3+ {[%emt 0:00:04]} 0-1

[Event "XI Paracin Festival 2018"]
[Site "Paracin"]
[Date "2018.07.11"]
[Round "7"]
[White "Parnali, S Dharia"]
[Black "Brankovic, Dejan"]
[Result "1/2-1/2"]
[WhiteElo "2170"]
[BlackElo "2377"]
[Annotator "NA"]
[PlyCount "92"]
[EventDate "2018.07.06"]
[EventType "swiss"]
[EventCountry "SRB"]
[SourceTitle "playchess.com"]
[Source "ChessBase"]
[SourceQuality "1"]
[TimeControl "5400+30"]

1. d4 {[%emt 0:00:00]} Nf6 {[%emt 0:00:00]} 2. g3 {[%emt 0:00:02]} g6 {[%emt 0:03:46]} 3. Bg2 {[%emt 0:00:14]} Bg7 {[%emt 0:00:05]} 4. e4 {[%emt 0:00:13]} d6 {[%emt 0:00:55]} 5. Ne2 {[%emt 0:01:06]} O-O {[%emt 0:02:43]} 6. O-O {[%emt 0:00:16]} e5 {[%emt 0:05:04]} 7. h3 {[%emt 0:01:57]} c6 {[%emt 0:08:03]} 8. Be3 {[%emt 0:01:54]} d5 {[%emt 0:08:51]} 9. Bg5 {[%emt 0:04:25]} h6 {[%emt 0:11:24]} 10. Bxf6 {[%emt 0:00:27]} Qxf6 {[%emt 0:01:05]} 11. f4 {[%emt 0:03:42]} exd4 {[%emt 0:02:01]} 12. e5 {[%emt 0:00:34]} Qd8 {[%emt 0:01:05]} 13. Nxd4 {[%emt 0:05:09]} Qb6 {[%emt 0:00:32]} 14. Nc3 {[%emt 0:00:22]} Qxb2 {[%emt 0:01:17]} 15. Qd3 {[%emt 0:02:24]} Qb4 {[%emt 0:01:35]} 16. Kh2 {[%emt 0:06:48]} Nd7 {[%emt 0:01:58]} 17. Rab1 {[%emt 0:16:32]} Qe7 {[%emt 0:06:59]} 18. Rbe1 {[%emt 0:15:20]} Nc5 {[%emt 0:02:27]} 19. Qd2 {[%emt 0:04:27]} f5 {[%emt 0:09:30]} 20. Rb1 {[%emt 0:03:48]} Be6 {[%emt 0:03:40]} 21. Rb2 {[%emt 0:00:36]} Rad8 {[%emt 0:01:31]} 22. Nce2 {[%emt 0:01:57]} Rfe8 {[%emt 0:01:26]} 23. Nxe6 {[%emt 0:02:23]} Nxe6 {[%emt 0:02:56]} 24. Nd4 {[%emt 0:00:31]} Rd7 {[%emt 0:03:47]} 25. Rfb1 {[%emt 0:00:43]} Nc5 {[%emt 0:01:59]} 26. Qa5 {[%emt 0:01:49]} a6 {[%emt 0:01:43]} 27. Rb6 {[%emt 0:01:06]} Bf8 {[%emt 0:01:08]} 28. Nxc6 {[%emt 0:05:31]} bxc6 {[%emt 0:00:24]} 29. Rxc6 {[%emt 0:00:05]} Kh7 {[%emt 0:09:18]} 30. Rbb6 {[%emt 0:00:45]} Rb7 {[%emt 0:01:46]} 31. Rxb7 {[%emt 0:00:47]} Nxb7 {[%emt 0:01:31]} 32. Qxa6 {[%emt 0:00:51]} Nc5 {[%emt 0:00:47]} 33. Qb6 {[%emt 0:00:11]} Nd7 {[%emt 0:02:31]} 34. Qc7 {[%emt 0:02:12]} Nb8 {[%emt 0:00:40]} 35. Qxe7+ {[%emt 0:00:06]} Bxe7 {[%emt 0:00:38]} 36. Re6 {[%emt 0:00:39]} d4 {[%emt 0:01:10]} 37. Bf1 {[%emt 0:00:26]} Nd7 {[%emt 0:00:21]} 38. Bb5 {[%emt 0:00:35]} Nc5 {[%emt 0:00:01]} 39. Rc6 {[%emt 0:01:23]} Rb8 {[%emt 0:00:15]} 40. a4 {[%emt 0:00:04]} Kg7 {[%emt 0:00:31]} 41. Kg2 {[%emt 0:00:22]} Rb7 {[%emt 0:00:13]} 42. Kf3 {[%emt 0:00:56]} Ra7 {[%emt 0:00:18]} 43. g4 {[%emt 0:00:56]} Nxa4 {[%emt 0:01:16]} 44. gxf5 {[%emt 0:00:06]} gxf5 {[%emt 0:00:02]} 45. Bd3 {[%emt 0:00:07]} Nc5 {[%emt 0:00:39]} 46. Bxf5 {[%emt 0:00:08]} h5 1/2-1/2

[Event "XI Paracin Festival 2018"]
[Site "Paracin"]
[Date "2018.07.11"]
[Round "7"]
[White "Peycheva, Gergana"]
[Black "Nestorovic, Dejan"]
[Result "1/2-1/2"]
[WhiteElo "2157"]
[BlackElo "2341"]
[Annotator "NA"]
[PlyCount "70"]
[EventDate "2018.07.06"]
[EventType "swiss"]
[EventCountry "SRB"]
[SourceTitle "playchess.com"]
[Source "ChessBase"]
[SourceQuality "1"]
[TimeControl "5400+30"]

1. d4 {[%emt 0:00:00]} Nf6 {[%emt 0:00:00]} 2. c4 {[%emt 0:00:02]} e6 {[%emt 0:00:00]} 3. Nc3 {[%emt 0:00:37]} Bb4 {[%emt 0:00:00]} 4. e3 {[%emt 0:01:00]} O-O {[%emt 0:00:09]} 5. Bd3 {[%emt 0:01:41]} b6 {[%emt 0:00:10]} 6. a3 {[%emt 0:03:57]} Bxc3+ {[%emt 0:05:11]} 7. bxc3 {[%emt 0:00:11]} c5 {[%emt 0:08:45]} 8. Nf3 {[%emt 0:02:00]} Nc6 {[%emt 0:04:59]} 9. O-O {[%emt 0:02:51]} d6 {[%emt 0:00:08]} 10. e4 {[%emt 0:04:05]} e5 {[%emt 0:00:13]} 11. h3 {[%emt 0:03:51]} h6 {[%emt 0:06:29]} 12. Qe2 {[%emt 0:03:33]} cxd4 {[%emt 0:09:56]} 13. cxd4 {[%emt 0:01:06]} exd4 {[%emt 0:00:12]} 14. Bb2 {[%emt 0:02:36]} Re8 {[%emt 0:01:27]} 15. Nxd4 {[%emt 0:04:00]} Nxd4 {[%emt 0:00:55]} 16. Bxd4 {[%emt 0:00:11]} Bb7 {[%emt 0:00:06]} 17. f3 {[%emt 0:01:54]} Rc8 {[%emt 0:11:01]} 18. Rfd1 {[%emt 0:04:21]} Nd7 {[%emt 0:01:32]} 19. a4 {[%emt 0:09:25]} Ne5 {[%emt 0:05:57]} 20. a5 {[%emt 0:04:02]} bxa5 {[%emt 0:01:53]} 21. Bxa7 {[%emt 0:01:24]} Ba6 {[%emt 0:05:06]} 22. Qf2 {[%emt 0:07:20]} Bxc4 {[%emt 0:01:53]} 23. Bb6 {[%emt 0:03:04]} Qf6 {[%emt 0:09:12]} 24. Bxc4 {[%emt 0:01:48]} Rxc4 {[%emt 0:00:07]} 25. Rxa5 {[%emt 0:03:07]} Rec8 {[%emt 0:00:08]} 26. Rad5 Rc2 {[%emt 0:11:08]} 27. Qg3 {[%emt 0:12:09]} Nc4 {[%emt 0:10:10]} 28. Bd4 {[%emt 0:03:23]} Qg6 {[%emt 0:00:02]} 29. Qxg6 {[%emt 0:05:11]} fxg6 {[%emt 0:00:02]} 30. Rb5 {[%emt 0:02:54]} Rc7 {[%emt 0:00:14]} 31. Rb8+ {[%emt 0:02:04]} Kf7 {[%emt 0:01:26]} 32. Rdb1 {[%emt 0:02:31]} g5 {[%emt 0:00:54]} 33. R1b7 {[%emt 0:01:34]} Ne5 {[%emt 0:00:28]} 34. Bxe5 {[%emt 0:01:23]} dxe5 {[%emt 0:00:03]} 35. Rxc7+ {[%emt 0:00:31]} Rxc7 1/2-1/2

[Event "XI Paracin Festival 2018"]
[Site "Paracin"]
[Date "2018.07.11"]
[Round "7"]
[White "Eswaran, Ashritha"]
[Black "Martic, Ivan"]
[Result "0-1"]
[WhiteElo "2092"]
[BlackElo "2375"]
[Annotator "NA"]
[PlyCount "102"]
[EventDate "2018.07.06"]
[EventType "swiss"]
[EventCountry "SRB"]
[SourceTitle "playchess.com"]
[Source "ChessBase"]
[SourceQuality "1"]
[TimeControl "5400+30"]

1. e4 c5 2. Nf3 d6 3. d4 Nf6 4. Nc3 cxd4 5. Nxd4 e6 6. g3 Be7 7. Bg2 O-O 8. O-O a6 9. f4 Qc7 10. g4 Nc6 11. Nxc6 bxc6 12. g5 Nd7 13. f5 exf5 14. exf5 d5 15. Qh5 Ne5 16. f6 Bc5+ 17. Kh1 Bg4 18. Qh4 Qd7 19. fxg7 Rfe8 20. Bd2 Nc4 21. Rf4 Bf5 22. Na4 Ba7 23. Bc3 Re2 24. g6 fxg6 25. Bf3 Re3 26. Rf1 Rae8 27. Bg4 Nd6 28. Qg5 Rxc3 29. Nxc3 Qxg7 30. Bxf5 Nxf5 31. R4f3 Be3 32. Qg4 Kh8 33. Re1 d4 34. Nd1 c5 35. Nxe3 dxe3 36. c3 Qb7 37. Qg2 Re7 38. Kg1 Kg7 39. Rf4 Qd7 40. b4 Qd3 41. Qb2 c4 42. Qe2 Rc7 43. a4 Qxc3 44. b5 axb5 45. axb5 Qb4 46. Rc1 Qxb5 47. Rfxc4 Re7 48. R1c2 Qe5 49. Rc5 Qf4 50. R2c4 Nd4 51. Qb2 e2 0-1

[Event "XI Paracin Festival 2018"]
[Site "Paracin"]
[Date "2018.07.12"]
[Round "8"]
[White "Perunovic, Milos"]
[Black "Stankovic, Milos"]
[Result "1-0"]
[WhiteElo "2596"]
[BlackElo "2420"]
[Annotator "ChessBase"]
[PlyCount "55"]
[EventDate "2018.07.06"]
[EventType "swiss"]
[EventCountry "SRB"]
[SourceTitle "playchess.com"]
[Source "ChessBase"]
[SourceQuality "1"]
[TimeControl "5400+30"]

1. e4 {[%emt 0:00:00]} e6 {[%emt 0:02:02]} 2. d4 {[%emt 0:00:00]} d5 {[%emt 0:00:55]} 3. Nc3 {[%emt 0:00:23]} Nf6 {[%emt 0:01:06]} 4. e5 {[%emt 0:00:37]} Nfd7 {[%emt 0:01:13]} 5. f4 {[%emt 0:00:29]} c5 {[%emt 0:00:36]} 6. Nf3 {[%emt 0:00:26]} Nc6 {[%emt 0:00:34]} 7. Be3 {[%emt 0:00:36]} Be7 {[%emt 0:00:27]} 8. Qd2 {[%emt 0:00:55]} O-O {[%emt 0:00:29]} 9. dxc5 {[%emt 0:00:47]} Qa5 {[%emt 0:02:43]} 10. a3 {[%emt 0:01:45]} Bxc5 {[%emt 0:10:07]} 11. O-O-O {[%emt 0:00:08]} a6 {[%emt 0:18:49]} 12. Kb1 {[%emt 0:11:02]} Bxe3 {[%emt 0:07:48]} 13. Qxe3 {[%emt 0:00:24]} Rd8 {[%emt 0:01:28]} 14. Bd3 {[%emt 0:14:23]} b5 {[%emt 0:09:13]} 15. f5 {[%emt 0:12:28]} exf5 {[%emt 0:24:56]} 16. e6 {[%emt 0:10:48]} Nf6 {[%emt 0:02:49]} 17. exf7+ {[%emt 0:04:27]} Kxf7 {[%emt 0:00:20]} 18. Qc5 {[%emt 0:00:17]} Bb7 {[%emt 0:06:09]} 19. Bxf5 {[%emt 0:10:05]} h6 {[%emt 0:02:28]} 20. Nxd5 {[%emt 0:00:59]} Nxd5 {[%emt 0:00:17]} 21. Rxd5 {[%emt 0:00:20]} Ne7 {[%emt 0:02:42]} 22. Be6+ {[%emt 0:03:05]} Ke8 {[%emt 0:00:31]} 23. Rxd8+ {[%emt 0:01:26]} Rxd8 {[%emt 0:00:26]} 24. Qh5+ {[%emt 0:00:14]} g6 {[%emt 0:01:13]} 25. Qxh6 {[%emt 0:01:29]} Bxf3 {[%emt 0:00:24]} 26. Qh8+ {[%emt 0:00:23]} Ng8 {[%emt 0:00:12]} 27. Qxg8+ {[%emt 0:00:12]} Ke7 {[%emt 0:00:07]} 28. Qf7+ {[%emt 0:00:09]} 1-0

[Event "XI Paracin Festival 2018"]
[Site "Paracin"]
[Date "2018.07.12"]
[Round "8"]
[White "Shyam, Sundar M"]
[Black "Cerovic, Danilo"]
[Result "1/2-1/2"]
[WhiteElo "2527"]
[BlackElo "2294"]
[Annotator "ChessBase"]
[PlyCount "116"]
[EventDate "2018.07.06"]
[EventType "swiss"]
[EventCountry "SRB"]
[SourceTitle "playchess.com"]
[Source "ChessBase"]
[SourceQuality "1"]
[TimeControl "5400+30"]

1. e4 {[%emt 0:02:13]} c6 {[%emt 0:00:00]} 2. c4 {[%emt 0:01:11]} d5 {[%emt 0:00:00]} 3. exd5 {[%emt 0:00:13]} cxd5 {[%emt 0:00:00]} 4. cxd5 {[%emt 0:00:09]} Nf6 {[%emt 0:00:02]} 5. Nc3 {[%emt 0:00:07]} Nxd5 {[%emt 0:00:24]} 6. Nf3 {[%emt 0:00:26]} g6 {[%emt 0:00:40]} 7. Qb3 {[%emt 0:04:14]} Nb6 {[%emt 0:00:51]} 8. Bb5+ {[%emt 0:00:26]} Bd7 {[%emt 0:01:50]} 9. Ne5 {[%emt 0:00:08]} e6 {[%emt 0:00:38]} 10. Nxd7 {[%emt 0:00:38]} N8xd7 {[%emt 0:03:29]} 11. d4 {[%emt 0:06:00]} Bg7 {[%emt 0:06:57]} 12. O-O {[%emt 0:09:18]} O-O {[%emt 0:01:43]} 13. Rd1 {[%emt 0:00:04]} Nf6 {[%emt 0:03:52]} 14. Be2 {[%emt 0:01:12]} Qd7 {[%emt 0:02:42]} 15. Bf4 {[%emt 0:04:53]} Nfd5 {[%emt 0:05:39]} 16. Bg3 {[%emt 0:00:46]} Ne7 {[%emt 0:04:28]} 17. Bb5 {[%emt 0:09:32]} Qd8 {[%emt 0:02:31]} 18. Bh4 {[%emt 0:06:06]} h6 {[%emt 0:04:59]} 19. a4 {[%emt 0:00:05]} Nbd5 {[%emt 0:11:47]} 20. Bc4 {[%emt 0:13:06]} Qa5 {[%emt 0:05:33]} 21. Bg3 {[%emt 0:19:48]} Rac8 {[%emt 0:10:30]} 22. Rac1 {[%emt 0:05:12]} b6 {[%emt 0:12:49]} 23. Nb5 {[%emt 0:07:29]} Nf5 {[%emt 0:03:55]} 24. Be5 {[%emt 0:03:23]} Bxe5 {[%emt 0:04:10]} 25. dxe5 {[%emt 0:00:01]} a6 {[%emt 0:00:29]} 26. Na7 {[%emt 0:03:39]} Rc7 {[%emt 0:06:23]} 27. Bxd5 {[%emt 0:00:01]} Rxa7 {[%emt 0:01:56]} 28. Be4 {[%emt 0:00:37]} b5 {[%emt 0:00:29]} 29. Bxf5 {[%emt 0:01:23]} exf5 {[%emt 0:00:24]} 30. Rd6 {[%emt 0:00:50]} Kg7 {[%emt 0:01:56]} 31. axb5 {[%emt 0:00:29]} Qxb5 {[%emt 0:00:52]} 32. Qc3 {[%emt 0:00:29]} Kh7 {[%emt 0:02:06]} 33. e6 {[%emt 0:00:01]} Qe8 {[%emt 0:00:41]} 34. exf7 {[%emt 0:01:09]} Rfxf7 {[%emt 0:00:51]} 35. h4 {[%emt 0:00:01]} Rfd7 {[%emt 0:00:59]} 36. Rc6 {[%emt 0:00:07]} Qe2 {[%emt 0:00:15]} 37. Rc8 {[%emt 0:01:20]} Rd1+ {[%emt 0:00:15]} 38. Kh2 {[%emt 0:00:46]} Rg7 {[%emt 0:00:02]} 39. Rc7 {[%emt 0:01:03]} Rdd7 {[%emt 0:00:23]} 40. Rxd7 {[%emt 0:00:40]} Rxd7 {[%emt 0:00:02]} 41. Qc6 {[%emt 0:00:32]} Qe5+ {[%emt 0:00:51]} 42. g3 {[%emt 0:00:08]} Qd6 {[%emt 0:00:04]} 43. Qf3 {[%emt 0:00:28]} Qd5 {[%emt 0:00:57]} 44. Qf4 {[%emt 0:00:43]} Qd6 {[%emt 0:00:40]} 45. Qf3 {[%emt 0:00:22]} Qd5 {[%emt 0:00:04]} 46. Qe3 {[%emt 0:00:27]} Qd4 {[%emt 0:01:41]} 47. Rc7 {[%emt 0:00:01]} Qd6 {[%emt 0:00:00]} 48. Rxd7+ {[%emt 0:01:00]} Qxd7 {[%emt 0:00:02]} 49. Qb6 {[%emt 0:00:01]} Qd2 {[%emt 0:01:13]} 50. Qb7+ {[%emt 0:01:04]} Kg8 {[%emt 0:00:18]} 51. Kg2 {[%emt 0:00:04]} Qd6 {[%emt 0:00:15]} 52. h5 {[%emt 0:00:27]} Qf6 {[%emt 0:00:53]} 53. hxg6 {[%emt 0:00:43]} Qxg6 {[%emt 0:00:02]} 54. b4 {[%emt 0:00:23]} h5 {[%emt 0:01:07]} 55. Qc7 {[%emt 0:00:29]} Kf8 {[%emt 0:00:38]} 56. f3 {[%emt 0:00:37]} Qe6 {[%emt 0:00:50]} 57. Qf4 {[%emt 0:00:08]} Kf7 {[%emt 0:00:21]} 58. Kh3 {[%emt 0:00:03]} Kg6 {[%emt 0:00:13]} 1/2-1/2